|
|
|
|
| LEADER |
00000cam a2200000 a 4500 |
| 001 |
vtls010289411 |
| 003 |
SK-MaSNL |
| 005 |
20260301031855.0 |
| 008 |
240314s2011 xo a b 000 0 slo |
| 015 |
|
|
|a SNBA2011/08-04621
|
| 020 |
|
|
|a 9788081200885
|q (brož.)
|
| 035 |
|
|
|a urn:nbn:sk:snk-amjxib
|
| 035 |
|
|
|a F3C0643B-179D-45C8-9D62-D66859737848
|
| 035 |
|
|
|a urn:nbn:sk:snk-am007axd
|
| 035 |
|
|
|a 401AF511-3B79-47CB-83B9-ECFBD577C21A
|
| 035 |
|
|
|a urn:nbn:sk:snk-am007ztf
|
| 035 |
|
|
|a FA854FF9-05BF-40FF-85AF-3B22D6F6A228
|
| 035 |
|
|
|a urn:nbn:sk:snk-am0084w9
|
| 035 |
|
|
|a 4DFAF41C-780E-4229-92A7-AC39C0FC3DDA
|
| 035 |
|
|
|a urn:nbn:sk:snk-am007xvm
|
| 040 |
|
|
|a SNK
|b slo
|c SNK
|e AACR2
|
| 041 |
0 |
|
|a slo
|
| 044 |
|
|
|a xo
|c SK
|
| 072 |
|
7 |
|a 37.016
|x Učebné osnovy. Vyučovacie predmety. Učebnice
|2 konspekt
|
| 072 |
|
7 |
|a 028
|x Čítanie
|2 konspekt
|
| 080 |
|
|
|a 37.016:028-028.31
|2 2001
|
| 080 |
|
|
|a (075.2)
|2 2001
|
| 100 |
1 |
|
|a Virgovičová, Lýdia,
|d 1937-
|4 aut
|9 86337
|
| 245 |
1 |
0 |
|a Čítanka pre 1. ročník základných škôl
|c Lýdia Virgovičová, [Zuzana Virgovičová ; ilustrácie Viera Kardelisová-Hrúzová]
|
| 250 |
|
|
|a [1. vyd.]
|
| 260 |
|
|
|a Bratislava
|b Orbis Pictus Istropolitana
|c 2011
|
| 300 |
|
|
|a 113 s.
|b fareb. ilustr.
|c 30 cm
|e 19 samost. listov
|
| 650 |
0 |
7 |
|a čítanie
|2 SNKPH
|9 1654
|
| 650 |
0 |
7 |
|a Reading
|2 SNKPHeng
|9 276976
|
| 655 |
|
7 |
|a učebnice základných škôl
|2 SNKPH
|9 70187
|
| 655 |
|
7 |
|a Textbooks (elementary)
|2 SNKPHeng
|9 276977
|
| 700 |
1 |
|
|a Virgovičová, Zuzana
|4 aut
|9 47620
|
| 700 |
1 |
|
|a Kardelisová-Hrúzová, Viera,
|d 1947-
|4 ill
|9 86338
|
| 852 |
|
|
|a Štátna vedecká knižnica v Banskej Bystrici
|
| 919 |
|
|
|a 978-80-8120-088-5
|
| 968 |
|
|
|d 37
|
| 999 |
|
|
|c 577461
|d 579391
|
| 952 |
|
|
|a SNK
|b SNK
|y PREZ
|7 0
|p 17A0707180
|o snkSB 81705
|i snk2011/15015
|8 0
|3 Dokument obsahuje 3 príl.: obrázkové samolepky, obrázky a slabiky k šlabikáru v 2 súboroch
|0 0
|1 0
|4 0
|d 2011-07-01
|f 1
|l 0
|r 2025-05-05 00:00:00
|w 2026-02-23
|
| 952 |
|
|
|a SNK
|b SNK
|y PREZ
|7 0
|p 17A0707181
|o snkSB 81705/príl.1
|i snk2011/15015
|8 0
|3 Príloha 1: 15 obrázkových samolepiek
|z Príloha
|0 0
|1 0
|4 0
|d 2011-07-01
|f 1
|l 0
|r 2025-05-05 00:00:00
|w 2026-02-23
|
| 952 |
|
|
|a SNK
|b SNK
|y PREZ
|7 0
|p 17A0707182
|o snkSB 81705/príl.2
|i snk2011/15015
|8 0
|3 Príloha 2: Súbor 8 kartičiek s obrázkami, písmenkami a slabikami
|z Príloha
|0 0
|1 0
|4 0
|d 2011-07-01
|f 1
|l 0
|r 2025-05-05 00:00:00
|w 2026-02-23
|
| 952 |
|
|
|a SNK
|b SNK
|y PREZ
|7 0
|p 17A0707179
|o snkSB 81705 D1
|i snk2011/15016
|8 0
|3 Dokument obsahuje 3 príl.: obrázkové samolepky, obrázky a slabiky k šlabikáru v 2 súboroch
|0 0
|1 0
|4 0
|d 2011-07-01
|l 0
|r 2016-06-30 00:00:00
|w 2026-02-23
|
| 952 |
|
|
|a SNK
|b SNK
|y PREZ
|7 0
|p 17A0707177
|o snkSB 81705/príl.1 D1
|i snk2011/15016
|8 0
|3 Príloha 1: 15 obrázkových samolepiek
|z príloha
|0 0
|1 0
|4 0
|d 2011-07-01
|l 0
|r 2016-06-30 00:00:00
|w 2026-02-23
|
| 952 |
|
|
|a SNK
|b SNK
|y PREZ
|7 0
|p 17A0707176
|o snkSB 81705/príl.2 D1
|i snk2011/15016
|8 0
|3 Príloha 2: Súbor 8 kartičiek s obrázkami, písmenkami a slabikami
|z Príloha
|0 0
|1 0
|4 0
|d 2011-07-01
|l 0
|r 2016-06-30 00:00:00
|w 2026-02-23
|
| 952 |
|
|
|a SNK
|b SNK
|y PREZ
|7 0
|p 17A0707178
|o snkSB 81705/príl.3 D1
|i snk2011/15016
|8 0
|3 Príloha 3: Súbor 10 kartičiek s obrázkami a slabikami
|z Príloha
|0 0
|1 0
|4 0
|d 2011-07-01
|l 0
|r 2016-06-30 00:00:00
|w 2026-02-23
|
| 952 |
|
|
|a SNK
|b SNK
|y PREZ
|7 0
|p 17A0707183
|o snkSB 81705/príl.3
|i snk2011/15015
|8 0
|3 Príloha 3: Súbor 10 kartičiek s obrázkami a slabikami
|z Príloha
|0 0
|1 0
|4 0
|d 2011-07-01
|f 1
|l 0
|r 2025-05-05 00:00:00
|w 2026-02-23
|